00601cam a22002051 450000100060000000300080000600500170001400800410003103500190007203500190009104000270011004100080013708200190014510000220016424500620018626000450024830000300029350400490032365000230037235736BD-RjUL20211209052354.0140531s1966 enk b 001 0 eng d a(BD-RjUL)35831 a(OCoLC)4096656 aDLCcCCCdBD-RjULbeng aeng a320bSUI 19661 aSullivan, John L.03aIntroduction to political science /cby Sullivan, John L. aLondon :bMcGraw-Hill Book Com.,cc1966. aix, 307 [1] p. ;c20 cm. aIncludes index and Bibliography: p. 321-323. 0aPolitical science.